[Event "Premier"]
[Site "Hastings ENG"]
[Date "2000.01.09"]
[Round "6"]
[White "McShane,L"]
[Black "Emms,J"]
[Result "0-1"]
[WhiteElo "2438"]
[BlackElo "2546"]

1.e4 c5 2.Nf3 e6 3.d4 cxd4 4.Nxd4 Nc6 5.Nb5 d6 6.Bf4 e5 7.Be3 a6 8.N5c3 Nf6
9.Bg5 Be7 10.Bc4 O-O 11.Bxf6 Bxf6 12.Nd5 Be6 13.Nbc3 Rc8 14.O-O Bg5 15.a4 Kh8
16.b3 Bh6 17.Re1 g6 18.Kh1 f5 19.f3 Nd4 20.exf5 gxf5 21.a5 Qh4 22.Ra4 Qf2
23.Ne7 Rce8 24.Rf1 Qxc2 25.Qxc2 Nxc2 26.Bxe6 Rxe7 27.Bc4 e4 28.Nd5 Re5 29.f4 Rxd5
30.Bxd5 Ne3 31.Bxb7 Nxf1 32.Bxa6 Nd2 33.Bb5 Nxb3 34.a6 Nc5 35.Ra5 Nxa6 36.Bxa6 Bxf4
37.g3 Be5 38.Bb7 Rb8 39.Ra8 Rxa8 40.Bxa8 h5 41.Kg2 Kg7 42.Bc6 Kf6 43.h3 h4
44.g4 Bf4 45.Kf2 Ke5 46.gxf5 Kxf5 47.Ke2 Ke5 48.Ba4 d5 49.Bc2 d4 50.Bb1 Bg5
51.Kf2 d3  0-1

[Event "Premier"]
[Site "Hastings ENG"]
[Date "2000.01.10"]
[Round "7"]
[White "Sutovsky,E"]
[Black "McShane,L"]
[Result "1/2-1/2"]
[WhiteElo "2597"]
[BlackElo "2438"]

1.e4 c5 2.Nf3 Nc6 3.Nc3 d6 4.d4 cxd4 5.Nxd4 e5 6.Nf5 Bxf5 7.exf5 Qd7 8.Bd3 Nge7
9.O-O d5 10.Qh5 g6 11.fxg6 fxg6 12.Qh4 O-O-O 13.Bg5 Qe6 14.Na4 e4 15.Nc5 Qf7
16.Qh3+ Nf5 17.Nxb7 Qxb7 18.Bxd8 Kxd8 19.Be2 Qxb2 20.Rab1 Qe5 21.Rb7 Bc5
22.Kh1 Na5 23.Rb5 Bb6 24.c4 Ne7 25.cxd5 Nf5 26.Qa3 Nd4 27.Qb2 Re8 28.Rb4 Nxe2
29.Qxe2 Nb7 30.a4 Nd6 31.Qd2 Ke7 32.Rb3 Kf7 33.a5 Bd4 34.Rd1 e3 35.fxe3 Bxe3
36.Qc3 Bd4 37.Rf1+ Kg7 38.Qc7+ Re7 39.Qb8 Qf6 40.Rbf3 Nf5 41.g4 Qd6 42.Qxd6 Nxd6
43.Rf8 Re2 44.g5 Re7 45.a6 Nf5 46.Rb8 Kf7 47.Rb7 Ke8 48.Rd1 Bc5 49.Rc1 Bd4
50.Rc8+ Kf7 51.Rc6 Ke8 52.d6 Rd7 53.Rc8+ Rd8 54.Rxd8+ Kxd8 55.Kg2 Nxd6 56.Rxh7 Nf5
57.Rb7 Nd6 58.Rh7 Nf5 59.Rb7 Nd6 60.Rb4 Be5 61.Rb8+ Ke7 62.Ra8 Bd4 63.Kf3 Ne8
64.h4 Nc7 65.Rg8 Kf7 66.Rd8 Bb6 67.Rd7+ Kf8 68.Rd6 Kf7 69.Rd7+ Kf8 70.Rd6 Kf7
71.Rd7+  1/2-1/2

[Event "Bundesliga 1999-2000"]
[Site "Delmenhorst GER"]
[Date "2000.01.29"]
[Round "8"]
[White "King,D"]
[Black "McShane,L"]
[Result "1-0"]
[WhiteElo "2514"]
[BlackElo "2438"]

1.e4 c5 2.Nc3 Nc6 3.g3 g6 4.Bg2 Bg7 5.d3 e6 6.Nge2 Nge7 7.h4 h6 8.Be3 Nd4
9.Qd2 d6 10.O-O e5 11.f4 Bg4 12.Nc1 Qd7 13.Rb1 Rc8 14.Nd1 exf4 15.Bxf4 d5
16.Nc3 Be6 17.Re1 Kf8 18.N1e2 dxe4 19.dxe4 Rd8 20.Rbd1 Bg4 21.e5 Nec6 22.Nxd4 Bxd1
23.Nd5 cxd4 24.Qxd1 Kg8 25.e6 fxe6 26.Bh3 Kh7 27.Bxe6 Qe8 28.h5 Rf8 29.Nc7 Qe7
30.Bg8+ Rxg8 31.hxg6+ Kh8 32.Rxe7 Nxe7 33.Qh5 Rgf8 34.Bxh6 Rf5 35.Bg5+ Kg8
36.Qh7+ Kf8 37.Ne6+ Ke8 38.Nxg7+ Kd7 39.Nxf5  1-0

[Event "Bundesliga 1999-2000"]
[Site "Delmenhorst GER"]
[Date "2000.01.30"]
[Round "9"]
[White "McShane,L"]
[Black "Kengis,E"]
[Result "0-1"]
[WhiteElo "2438"]
[BlackElo "2574"]

1.e4 c5 2.Nf3 e6 3.d4 cxd4 4.Nxd4 a6 5.Bd3 Qb6 6.Nb3 Qc7 7.O-O Nf6 8.f4 d6
9.N1d2 Nbd7 10.Nf3 b5 11.Qe1 Bb7 12.Bd2 Be7 13.a4 bxa4 14.Rxa4 d5 15.e5 Ne4
16.Ba5 Qb8 17.Nbd4 O-O 18.b4 Rc8 19.c4 Rxc4 20.Bxc4 dxc4 21.Kh1 Bd5 22.Qe3 g6
23.Rc1 Qb7 24.Nd2 Nxd2 25.Qxd2 f6 26.Qe2 fxe5 27.fxe5 Rf8 28.Raa1 Rf4 29.Nc2 Re4
30.Qf1 Nxe5 31.Re1 Nd3 32.Rxe4 Bxe4 33.Ne3 Qb5 34.Bc7 Qc6 35.Bg3 c3 36.Qe2 h5
37.h4 Nxb4 38.Be5 c2 39.Qd2 Nd3 40.Nxc2 Nxe5 41.Nd4 Qd5 42.Ra5 Bxg2+ 43.Kh2 Qxd4  0-1

[Event "Open"]
[Site "Bunratty IRL"]
[Date "2000.02.11"]
[Round "1"]
[White "Collins,S"]
[Black "McShane,L"]
[Result "1-0"]
[WhiteElo "2130"]
[BlackElo "2438"]

1.e4 c5 2.Nf3 Nc6 3.d4 cxd4 4.Nxd4 Nf6 5.Nc3 e5 6.Ndb5 d6 7.Bg5 a6 8.Na3 b5
9.Bxf6 gxf6 10.Nd5 f5 11.Bd3 Be6 12.c4 Bxd5 13.exd5 Nd4 14.O-O bxc4 15.Nxc4 Bg7
16.Bxf5 Nxf5 17.Qg4 Qc7 18.b3 Ne7 19.Qxg7 Rg8 20.Qxh7 Rd8 21.Rac1 Qd7 22.f4 Qg4
23.Ne3 Qg6 24.Qxg6 Nxg6 25.fxe5 Nxe5 26.Nc4 Rg6 27.Rc2 Rd7 28.a4 Rb7 29.Na5 Rb4
30.Rc8+ Ke7 31.Nc6+ Nxc6 32.Rxc6 Kd8 33.Rxa6 Rxb3 34.Ra8+ Ke7 35.Ra7+ Kf8
36.Raxf7+ Kg8 37.R7f3 Rb2 38.R3f2 Rb4 39.Ra2 Rg7 40.Rf6 Rb1+ 41.Kf2 Rc7 42.a5 Rcc1
43.Rf3 Ra1 44.Rxa1 Rxa1 45.Rf6  1-0

[Event "Open"]
[Site "Bunratty IRL"]
[Date "2000.02.12"]
[Round "2"]
[White "McShane,L"]
[Black "O'Brien,Ri"]
[Result "1-0"]
[WhiteElo "2438"]
[BlackElo "2086"]

1.e4 e5 2.Nf3 d5 3.exd5 e4 4.Qe2 Be7 5.Qxe4 Nf6 6.Qa4+ c6 7.dxc6 Nxc6 8.Be2 O-O
9.O-O Nb4 10.a3 Bd7 11.Qb3 Be6 12.c4 Nc6 13.d3 Qc7 14.Nbd2 Rad8 15.Rd1 g5
16.Qc3 Ng4 17.Nf1 Bf6 18.d4 Nxf2 19.Kxf2 g4 20.Be3 gxf3 21.Bxf3 Ne7 22.Ng3 Qxc4
23.Ne4 Bg7 24.Qxc4 Bxc4 25.Rac1 b5 26.Ng3 f5 27.Nh5 Bh8 28.Nf4 Bb3 29.Rd2 Ng6
30.d5 Nxf4 31.Bxf4 Bf6 32.d6 Rf7 33.Rc5 a6 34.Bd5 Bxd5 35.Rcxd5 Kg7 36.d7 Bh4+
37.g3 Bf6 38.Bc7 Kf8 39.Bxd8 Bxd8 40.Re2 Bb6+ 41.Kf3 f4 42.Re8+ Kg7 43.gxf4 Bc7
44.Rg5+ Kf6  1-0

[Event "Open"]
[Site "Bunratty IRL"]
[Date "2000.02.12"]
[Round "3"]
[White "Stoklasa,J"]
[Black "McShane,L"]
[Result "0-1"]
[WhiteElo "2180"]
[BlackElo "2438"]

1.e4 c5 2.Nf3 d6 3.d4 cxd4 4.Qxd4 Nc6 5.Bb5 Bd7 6.Bxc6 Bxc6 7.Nc3 Nf6 8.Bg5 e6
9.O-O-O Be7 10.Rhe1 Qa5 11.Qd2 O-O 12.Nd4 Rac8 13.Kb1 Qa6 14.f4 Rfe8 15.g4 b5
16.Qd3 Qb7 17.Nxc6 Rxc6 18.e5 b4 19.Nb5 dxe5 20.fxe5 Nd5 21.Bxe7 Rxe7 22.Ka1 Rc5
23.c4 bxc3 24.Nxc3 h6 25.g5 Nxc3 26.Qd8+ Kh7 27.bxc3 h5 28.g6+ fxg6 29.Rf1 Qc7
30.h4 Qxe5 31.Rd4 Rb7 32.Qd6 Qe2 33.Rb1 Rxb1+ 34.Kxb1 Rxc3 35.Rd2 Qb5+  0-1

[Event "Open"]
[Site "Bunratty IRL"]
[Date "2000.02.12"]
[Round "4"]
[White "McShane,L"]
[Black "Miles,A"]
[Result "0-1"]
[WhiteElo "2438"]
[BlackElo "2579"]

1.e4 e5 2.Nf3 Nc6 3.Bb5 Nf6 4.O-O Nxe4 5.d4 Nd6 6.Bxc6 dxc6 7.dxe5 Nf5 8.Qxd8+ Kxd8
9.Nc3 Ke8 10.b3 a5 11.Bb2 Bb4 12.Rfd1 Be6 13.Ne2 a4 14.Bc3 Bxc3 15.Nxc3 axb3
16.axb3 Rxa1 17.Rxa1 Kd7 18.Rd1+ Kc8 19.h3 h5 20.Ng5 Re8 21.Nce4 b6 22.f4 c5
23.Nxe6 fxe6 24.Kf2 h4 25.c3 Kb7 26.Ng5 b5 27.Nf7 b4 28.cxb4 cxb4 29.Rd8 Re7
30.Ng5 c5 31.Ne4 Rc7 32.Ke2 c4 33.Nd6+ Nxd6 34.exd6 Rc6 35.bxc4 Rxc4 36.Ke3 Rc8
37.Rd7+ Ka6 38.Kd2 Rc6 39.Rd8 Kb7 40.d7 Kc7 41.Rg8 Rd6+ 42.Kc2 Rxd7 43.Kb3 Rf7
44.Kxb4 Rxf4+ 45.Kc5 Rf7 46.Rh8 g5 47.Rg8 Rf5+ 48.Kd4 Kd6 49.Ke3 Ke5 50.Rg7 Kf6
51.Rg8 Ra5 52.Rf8+ Ke5 53.Rg8 Ra3+ 54.Kf2 Kf4 55.Rf8+ Ke4 56.Rg8 Ra5 57.Rg6 Ra2+
58.Kg1 Kf5 59.Rg8 Ra5 60.Kf2 Kf4 61.Rf8+ Rf5 62.Re8 Rf6 63.Ke2 Kg3 64.Rg8 Rf5
65.Rg6 Kxg2 66.Rxe6 Kxh3 67.Re3+ Kg2 68.Re4 Rf4 69.Re5 g4  0-1

[Event "Open"]
[Site "Bunratty IRL"]
[Date "2000.02.13"]
[Round "6"]
[White "McShane,L"]
[Black "McMahon,D"]
[Result "1-0"]
[WhiteElo "2438"]
[BlackElo "2238"]

1.e4 e5 2.Nf3 Nc6 3.Bb5 Nf6 4.d3 Bc5 5.Bxc6 dxc6 6.h3 O-O 7.Qe2 Re8 8.Be3 Nd7
9.Nbd2 Qe7 10.O-O Nf8 11.a4 Ng6 12.a5 f6 13.d4 Bd6 14.a6 b5 15.c4 exd4 16.Nxd4 Bd7
17.cxb5 cxb5 18.Nxb5 Be5 19.Rac1 Bxb2 20.Bc5 Qe5 21.Nf3 Nf4 22.Qc4+ Qe6 23.Nxc7 Qxc4
24.Rxc4 Rec8 25.Nxa8 Bb5 26.Rb4 Bxf1 27.Kxf1 Ba3 28.Rb7 Bxc5 29.Rc7 Rd8 30.Rxc5 Rd1+
31.Ne1 Rxe1+ 32.Kxe1 Nd3+ 33.Kd2 Nxc5 34.Nc7 Nxe4+ 35.Ke3 Nd6 36.Kd4 Kf8
37.Kd5 Ke7 38.Kc6 h5 39.Nd5+ Ke6 40.Nf4+ Ke5 41.Nxh5 g5 42.Nxf6  1-0

[Event "Bundesliga 1999-2000"]
[Site "Dresden GER"]
[Date "2000.02.19"]
[Round "10"]
[White "McShane,L"]
[Black "Gdanski,J"]
[Result "0-1"]
[WhiteElo "2438"]
[BlackElo "2535"]

1.e4 e6 2.d4 d5 3.Nd2 c5 4.exd5 exd5 5.Ngf3 Nc6 6.Bb5 cxd4 7.Qe2+ Qe7 8.Nxd4 Qxe2+
9.Kxe2 Bd7 10.N2b3 Bd6 11.Bg5 f6 12.Be3 Nge7 13.Bd3 Nb4 14.Nc1 Kf7 15.c3 Nxd3
16.Nxd3 Rhe8 17.Kd2 Ng6 18.b3 Rac8 19.h3 a6 20.Rhe1 Nh4 21.Rg1 Bh2 22.Rh1 Be5
23.Rhg1 Re7 24.Rac1 a5 25.Ne2 Bh2 26.Rh1 Bd6 27.Bf4 Ba3 28.Rcg1 Rce8 29.Nd4 g5
30.Be3 Re4 31.Ne1 Rc8 32.Nd3 Rce8 33.Ne1 b5 34.Nec2 Bd6 35.g3 Ng6 36.Nf3 b4
37.Nfd4 h5 38.Re1 Rc8 39.cxb4 axb4 40.f3 Re7 41.g4 h4 42.Bf2 Re5 43.Ne2 Ra8
44.Ra1 Ree8 45.Be3 Ra5 46.Rhb1 Rea8 47.Rb2 R5a6 48.Ncd4 Be5 49.Rc2 Ra5 50.Nc1 Nf4
51.Nd3 Nxd3 52.Kxd3 Kg6 53.Kd2 Bb5 54.Rb2 R5a7 55.Rc2 Ra6 56.Rb2 Rc8 57.Re1 Bd7
58.Re2 Rcc6 59.Nxc6 Bxc6 60.Rc2 Bb5 61.Bf2 Bc3+ 62.Kd1 Ra8 63.Re7 d4 64.Be1 Bd3
65.Rf2 Bb1 66.Ree2 d3 67.Rb2 Bxb2 68.Rxb2 Bc2+ 69.Kc1 Rb8 70.Bd2 f5 71.gxf5+ Kxf5
72.Be3 Rb5 73.Kd2 Kg6 74.a4 bxa3 75.Ra2 Rxb3 76.Bc5 Rb1 77.Rxa3 Rh1 78.Be3 Rh2+
79.Kc3 Rxh3 80.Ra8 Rxf3 81.Kd2 Rf5 82.Rg8+ Kh5 83.Ba7 Kg4 84.Ke3 Re5+ 85.Kf2 d2  0-1

[Event "Bundesliga 1999-2000"]
[Site "Dresden GER"]
[Date "2000.02.20"]
[Round "11"]
[White "Borriss,M"]
[Black "McShane,L"]
[Result "0-1"]
[WhiteElo "2440"]
[BlackElo "2438"]

1.e4 c5 2.Nf3 Nc6 3.d4 cxd4 4.Nxd4 Nf6 5.Nc3 e5 6.Ndb5 d6 7.Bg5 a6 8.Na3 b5
9.Bxf6 gxf6 10.Nd5 f5 11.c3 Bg7 12.exf5 Bxf5 13.Nc2 Be6 14.a4 Rb8 15.axb5 axb5
16.Ra6 Qc8 17.Ncb4 Nxb4 18.Nxb4 d5 19.Ra5 O-O 20.Rxb5 d4 21.Rxb8 Qxb8 22.Be2 e4
23.O-O d3 24.Bg4 f5 25.Bh3 Qa7 26.Qh5 Qf7 27.Qg5 Qf6 28.Qe3 Bh6 29.f4 Bc4
30.g4 Qd6 31.b3 d2 32.bxc4 d1=Q 33.Nd5 Qd3  0-1

[Event "Oz.com qualifier blitz"]
[Site "Internet ICC"]
[Date "2000.03.05"]
[Round "1"]
[White "Ghannoum,M"]
[Black "McShane,L"]
[Result "1-0"]
[WhiteElo "2192"]
[BlackElo "2438"]

1.e4 c5 2.Nc3 Nc6 3.f4 g6 4.Nf3 Bg7 5.Bb5 Nd4 6.a4 e6 7.d3 Ne7 8.e5 a6 9.Bc4 d5
10.exd6 Qxd6 11.Ne4 Qc7 12.c3 Nxf3+ 13.Qxf3 O-O 14.Be3 Nd5 15.Nxc5 Nxe3 16.Qxe3 e5
17.fxe5 Bxe5 18.O-O Bxh2+ 19.Kh1 Be5 20.d4 Bg7 21.Rxf7 Qxf7 22.Bxf7+ Rxf7
23.a5 Bf5 24.Re1 Raf8 25.d5 Rd8 26.c4 Bxb2 27.Qb3 Bd4 28.Ne6 Bxe6 29.dxe6 Re7
30.Qf3 Rf8 31.Qd5 Bc3 32.Rb1 Rfe8 33.Rxb7 Rxe6 34.Rb6 Kf7 35.Rxa6 Be5 36.Rxe6 Rxe6
37.a6 Kf6 38.Qxe6+ Kxe6 39.a7  1-0

[Event "Oz.com qualifier blitz"]
[Site "Internet ICC"]
[Date "2000.03.05"]
[Round "2"]
[White "McShane,L"]
[Black "Bjornsson,T"]
[Result "1-0"]
[WhiteElo "2438"]
[BlackElo "2224"]

1.e4 c5 2.Nf3 d6 3.d4 cxd4 4.Nxd4 Nf6 5.Nc3 a6 6.Be3 e5 7.Nb3 Be7 8.f3 Be6
9.Qd2 Nc6 10.O-O-O O-O 11.g4 Rc8 12.Kb1 b5 13.Nd5 Bxd5 14.exd5 Nb8 15.h4 Nbd7
16.h5 Nb6 17.Bxb6 Qxb6 18.g5 Nd7 19.Bh3 Rc7 20.g6 f5 21.gxh7+ Kh8 22.Rdg1 f4
23.Qg2 Bf6 24.Bxd7 Rxd7 25.Nd2 Qd4 26.Ne4 Qxd5 27.h6 Qf7 28.Rh5 d5 29.Nxf6 Qxf6
30.Rf5 Qe7 31.hxg7+ Qxg7 32.Rxf8+  1-0

[Event "Oz.com qualifier blitz"]
[Site "Internet ICC"]
[Date "2000.03.05"]
[Round "3"]
[White "Wheeler,Je"]
[Black "McShane,L"]
[Result "0-1"]
[WhiteElo "2211"]
[BlackElo "2438"]

1.d4 Nf6 2.c4 g6 3.Nc3 Bg7 4.e4 d6 5.Nf3 O-O 6.Be2 e5 7.O-O Nc6 8.d5 Ne7
9.b4 Nh5 10.Re1 h6 11.Bf1 f5 12.c5 Nf6 13.cxd6 cxd6 14.Nd2 f4 15.Nc4 g5 16.Nb5 Ne8
17.Be2 a6 18.Nc3 Nf6 19.a4 Ng6 20.a5 g4 21.Nb6 Rb8 22.Bb2 h5 23.Rc1 f3 24.gxf3 Bh6
25.Rc2 Nf4 26.Nxc8 Rxc8 27.fxg4 Nh3+ 28.Kg2 Nxf2 29.Kxf2 Nxg4+ 30.Kg1 Be3+
31.Kg2 Rf2+ 32.Kg3 Bf4+  0-1

[Event "Oz.com qualifier blitz"]
[Site "Internet ICC"]
[Date "2000.03.05"]
[Round "4"]
[White "McShane,L"]
[Black "Del Mundo,A"]
[Result "1-0"]
[WhiteElo "2438"]
[BlackElo "2161"]

1.e4 d5 2.exd5 Nf6 3.d4 Nxd5 4.c4 Nb6 5.Nf3 Bg4 6.Be2 e6 7.O-O Be7 8.Be3 O-O
9.Nbd2 Nc6 10.h3 Bh5 11.Rc1 f5 12.Nb3 Bf6 13.Qd2 g5 14.d5 exd5 15.Bxb6 axb6
16.cxd5 Ne7 17.Nxg5 Bxe2 18.Ne6 Qxd5 19.Qxe2 Rxa2 20.Nxf8 Kxf8 21.Qe3 Rxb2
22.Rb1 Rxb1 23.Rxb1 Kf7 24.Nd2 Nc6 25.Nf3 Kg6 26.Qe8+ Qf7 27.Qc8 Na5 28.Re1 b5
29.Re5 Bg7 30.Rxf5 Qe7 31.Rxb5 Qe4 32.Qxc7 Nc6 33.Qxb7 h6 34.Rb6  1-0

[Event "Oz.com qualifier blitz"]
[Site "Internet ICC"]
[Date "2000.03.05"]
[Round "5"]
[White "Sherbakov,R"]
[Black "McShane,L"]
[Result "1/2-1/2"]
[WhiteElo "2552"]
[BlackElo "2438"]

1.Nf3 Nf6 2.c4 g6 3.Nc3 Bg7 4.e4 d6 5.d4 O-O 6.Be2 e5 7.O-O Nc6 8.d5 Ne7
9.b4 Nh5 10.Re1 h6 11.c5 Nf4 12.Bf1 f5 13.Bxf4 fxe4 14.Bxe5 exf3 15.Bxg7 Kxg7
16.g3 Kh7 17.Re3 Bg4 18.h3 Nf5 19.hxg4 Nxe3 20.fxe3 f2+ 21.Kg2 Qe7 22.Qd4 Qf7
23.Be2 a5 24.b5 Qe7 25.c6 b6 26.Rf1 Rf7 27.Rxf2 Raf8 28.Rf4 Re8 29.Bd3 Rxf4
30.Qxf4 Rf8 31.Qd4 Qf7 32.Qf4 Qe7 33.Qd4 Qf7 34.Qf4 Qe7 35.Qd4 Qf7 36.Qf4 Qe7
37.Qd4  1/2-1/2

[Event "Oz.com qualifier blitz"]
[Site "Internet ICC"]
[Date "2000.03.05"]
[Round "8"]
[White "McShane,L"]
[Black "Van Wely,L"]
[Result "0-1"]
[WhiteElo "2438"]
[BlackElo "2646"]

1.e4 c5 2.Nf3 d6 3.d4 cxd4 4.Nxd4 Nf6 5.Nc3 a6 6.Be3 e6 7.Qd2 b5 8.f3 Nbd7
9.O-O-O Bb7 10.g4 Nb6 11.Bd3 Rc8 12.Kb1 Nfd7 13.f4 Nc4 14.Bxc4 Rxc4 15.f5 e5
16.Nf3 Qa8 17.Nd5 Bxd5 18.exd5 Rxg4 19.h3 Rc4 20.Rhg1 Nf6 21.Bg5 Be7 22.Bxf6 Bxf6
23.Qe3 Qc8 24.Qb6 O-O 25.Nd2 Rxc2 26.Ne4 Qxf5 27.Kxc2 Qxe4+ 28.Rd3 Qe2+ 29.Kc3 Rc8+
30.Qc6 Rxc6+ 31.dxc6 e4+ 32.Kb4 exd3 33.c7 Qxb2+ 34.Ka5 Qc3+ 35.Kb6 Bd4+
36.Kb7 Bxg1 37.c8=Q+ Qxc8+ 38.Kxc8 d2 39.a4 bxa4  0-1

[Event "Oz.com qualifier blitz"]
[Site "Internet ICC"]
[Date "2000.03.05"]
[Round "9"]
[White "Taleb,M"]
[Black "McShane,L"]
[Result "1-0"]
[WhiteElo "2312"]
[BlackElo "2438"]

1.d4 c5 2.e3 e6 3.Nf3 Nf6 4.c4 Be7 5.Nc3 O-O 6.Bd3 a6 7.O-O b6 8.d5 exd5
9.cxd5 d6 10.a4 Nbd7 11.e4 Re8 12.h3 Nf8 13.Bf4 Ng6 14.Bh2 Bb7 15.Re1 Nd7
16.Qc2 Qc7 17.Rad1 Bf6 18.Nd2 Be5 19.Bxe5 Ndxe5 20.Bf1 c4 21.b3 cxb3 22.Qxb3 Rac8
23.Rc1 Nf4 24.Ne2 Nxe2+ 25.Bxe2 Qxc1 26.Rxc1 Rxc1+ 27.Kh2 Re1 28.Bg4 Bc8
29.Bxc8 Rxc8 30.Qxb6 h6 31.Qxd6 Ng6 32.Qxa6 Rc2 33.Qd3 Rcc1 34.d6 Nf4 35.d7 Kh7
36.d8=Q Nxd3 37.Qxd3 Ra1 38.e5+ g6 39.Qc4 Kg8 40.Ne4 Kg7 41.Nd6  1-0

[Event "19th Open"]
[Site "Reykjavik ISL"]
[Date "2000.04.07"]
[Round "3"]
[White "McShane,L"]
[Black "Bu Xiangzhi"]
[Result "1-0"]
[WhiteElo "2438"]
[BlackElo "2565"]

1.e4 c5 2.Nf3 Nc6 3.d4 cxd4 4.Nxd4 Nf6 5.Nc3 d6 6.Bg5 e6 7.Qd2 a6 8.O-O-O h6
9.Be3 Qc7 10.f3 Bd7 11.Kb1 Na5 12.g4 b5 13.Bd3 Rb8 14.h4 e5 15.Nf5 Bxf5 16.gxf5 Qb7
17.Qe2 Nc4 18.Bxc4 bxc4 19.Bc1 Qb4 20.Nd5 Nxd5 21.Rxd5 Be7 22.Qe3 Kd7 23.Rhd1 Rb7
24.a3 Qa4 25.Qc3 f6 26.Rg1 Bf8 27.f4 Kc8 28.Be3 Qc6 29.Kc1 Rb5 30.Rgd1 Rb7
31.fxe5 fxe5 32.Bc5 dxc5 33.Rd8+ Kc7 34.Qxe5+ Kb6 35.R1d6 Bxd6 36.Rxd6 Rc8
37.Qd5 c3 38.bxc3 Qxd6 39.Qxd6+ Rc6 40.Qd8+ Kb5 41.e5 Rcc7 42.e6 Ka4 43.c4 h5
44.Kd2 Kxa3 45.Kc3 Ka2 46.Qd6 a5 47.Qa6 Ra7 48.Qb5 Rcb7 49.Qxc5 a4 50.Qd5 Rc7
51.c5+ Ka1 52.Qd4 Kb1 53.Qb4+ Kc1 54.Qb5  1-0

[Event "19th Open"]
[Site "Reykjavik ISL"]
[Date "2000.04.08"]
[Round "4"]
[White "Short,N"]
[Black "McShane,L"]
[Result "1-0"]
[WhiteElo "2683"]
[BlackElo "2438"]

1.e4 c5 2.Nc3 Nc6 3.g3 g6 4.Bg2 Bg7 5.d3 d6 6.Be3 Nf6 7.Nge2 O-O 8.O-O Rb8
9.h3 b5 10.a3 Bd7 11.f4 a5 12.a4 b4 13.Nb5 Ne8 14.Rb1 Na7 15.c4 bxc3 16.Nxa7 cxb2
17.e5 Qb6 18.Nb5 Bxb5 19.axb5 Qxb5 20.Nc3 Qd7 21.Qa4 Qd8 22.Qa3 dxe5 23.Bxc5 Nc7
24.Bxe7 Qd4+ 25.Kh1 Rfe8 26.Bd6 Nb5 27.Nxb5 Rxb5 28.fxe5 Bxe5 29.Qa2 Re6
30.Bxe5 Qxe5 31.Kh2 h5 32.Rf4 Rf6 33.d4 Qd6 34.Rxf6 Qxf6 35.Rxb2 Rg5 36.Rf2 Qe7
37.h4 Rg4 38.Rxf7  1-0

[Event "19th Open"]
[Site "Reykjavik ISL"]
[Date "2000.04.09"]
[Round "5"]
[White "Oral,T"]
[Black "McShane,L"]
[Result "0-1"]
[WhiteElo "2540"]
[BlackElo "2438"]

1.e4 c5 2.Nf3 Nc6 3.Bb5 g6 4.O-O Bg7 5.c3 Nf6 6.Re1 O-O 7.d4 d5 8.e5 Ne4
9.Bxc6 bxc6 10.Nbd2 Nxd2 11.Nxd2 cxd4 12.cxd4 c5 13.Nb3 cxd4 14.Nxd4 Qb6
15.b3 Ba6 16.Bf4 Rfc8 17.Qd2 e6 18.Rad1 Bf8 19.Bh6 Qb4 20.Qf4 Bxh6 21.Qxh6 Rc3
22.h4 Rac8 23.Qf4 Qe7 24.h5 gxh5 25.Rc1 Rxc1 26.Rxc1 Rxc1+ 27.Qxc1 Bd3 28.Nc6 Qh4
29.Nxa7 d4 30.Qd2 Bg6 31.Nc6 d3 32.f3 Kg7 33.a4 f6 34.Qe3 fxe5 35.a5 e4 36.f4 Qf6
37.Ne5 Qd8 38.Nc6 Qd6 39.Qa7+ Kh6  0-1

[Event "19th Open"]
[Site "Reykjavik ISL"]
[Date "2000.04.10"]
[Round "6"]
[White "McShane,L"]
[Black "Stefansson,H"]
[Result "0-1"]
[WhiteElo "2438"]
[BlackElo "2566"]

1.e4 c5 2.Nf3 Nc6 3.d4 cxd4 4.Nxd4 e6 5.Nb5 d6 6.Bf4 e5 7.Be3 Be6 8.Nd2 Nf6
9.Bg5 a6 10.Bxf6 gxf6 11.Nc3 f5 12.Bc4 Qg5 13.g3 Bg7 14.h4 Qh6 15.exf5 Bxf5
16.g4 Be6 17.Nd5 O-O-O 18.Ne4 Qg6 19.f3 Bxg4 20.Rg1 h5 21.Qd3 f5 22.Bxa6 Rd7
23.Qb5 Kb8 24.Nec3 Qh6 25.fxg4 hxg4 26.Bxb7 Rxb7 27.Qxc6 Rc8 28.Qa6 e4 29.Ke2 Bd4
30.Rgf1 g3 31.Nf4 Be5 32.Ke3 g2 33.Rf2 Rg8 34.Ne2 Qxh4 35.Rg1 Rg3+ 36.Nxg3 Qxg3+
37.Ke2 Bxf4 38.Ke1 Rxb2 39.Rxg2 Rb1+  0-1

[Event "19th Open"]
[Site "Reykjavik ISL"]
[Date "2000.04.11"]
[Round "7"]
[White "Ehlvest,J"]
[Black "McShane,L"]
[Result "1-0"]
[WhiteElo "2622"]
[BlackElo "2438"]

1.Nf3 Nf6 2.c4 g6 3.Nc3 Bg7 4.d4 O-O 5.e4 d6 6.Be2 e5 7.Be3 Ng4 8.Bg5 f6
9.Bh4 Nc6 10.d5 Ne7 11.Nd2 Nh6 12.f3 g5 13.Bf2 f5 14.h3 g4 15.hxg4 fxg4 16.Be3 Nf7
17.fxg4 Ng6 18.g3 Bf6 19.Nf1 a6 20.Qd2 Bd7 21.Rh5 b5 22.g5 Be7 23.Nh2 Qc8
24.Nd1 bxc4 25.Nc3 Rb8 26.O-O-O a5 27.Rh1 a4 28.a3 Nd8 29.Bxc4 Nb7 30.Na2 Rf7
31.Kb1 Ra8 32.Qd1 Na5 33.Be2 Rb8 34.Bc1 Kh8 35.Nb4 c5 36.dxc6 Nxc6 37.Ba6 Qf8
38.Nd5 Nd4 39.Ng4 Bxg4 40.Qxg4 Kg8 41.Bc4 Kh8 42.Rxh7+  1-0

[Event "19th Open"]
[Site "Reykjavik ISL"]
[Date "2000.04.12"]
[Round "8"]
[White "McShane,L"]
[Black "Olafsson,H"]
[Result "1-0"]
[WhiteElo "2438"]
[BlackElo "2491"]

1.e4 c5 2.Nf3 d6 3.d4 cxd4 4.Nxd4 Nf6 5.Nc3 a6 6.Be3 e6 7.f3 b5 8.Qd2 Nbd7
9.g4 Nb6 10.Bd3 Bb7 11.O-O-O Rc8 12.Kb1 b4 13.Nce2 d5 14.g5 Nfd7 15.exd5 Nxd5
16.g6 hxg6 17.Nxe6 fxe6 18.Bxg6+ Ke7 19.Nd4 N7f6 20.Rhe1 Qd6 21.Bf4 Qb6 22.Rxe6+ Qxe6
23.Nxe6 Kxe6 24.Qe2+ Kd7 25.Bf5+ Kd8 26.Bxc8 Kxc8 27.Qe6+ Kd8 28.Be5 Rh6
29.Bxf6+ Rxf6 30.Rxd5+ Bxd5 31.Qxd5+ Kc7 32.c3 bxc3 33.Qe5+ Bd6 34.Qxc3+ Kb7
35.Qb3+ Ka7 36.Qe3+ Kb7 37.Qg5 Bf8 38.h4 Rc6 39.Qd8 Rc7  1-0

[Event "19th Open"]
[Site "Reykjavik ISL"]
[Date "2000.04.13"]
[Round "9"]
[White "Gretarsson,H"]
[Black "McShane,L"]
[Result "1/2-1/2"]
[WhiteElo "2544"]
[BlackElo "2438"]

1.d4 Nf6 2.c4 g6 3.Nc3 Bg7 4.e4 d6 5.f4 O-O 6.Nf3 Na6 7.Bd3 e5 8.fxe5 dxe5
9.d5 c6 10.O-O cxd5 11.cxd5 Ne8 12.Bg5 f6 13.Bh4 Nd6 14.Kh1 Qe8 15.Nd2 Nc5
16.Nc4 Qe7 17.Nxd6 Qxd6 18.Nb5 Qd7 19.d6 Kh8 20.Rc1  1/2-1/2

[Event "Redbus KO"]
[Site "Southend ENG"]
[Date "2000.04.21"]
[Round "1.1"]
[White "Plaskett,J"]
[Black "McShane,L"]
[Result "0-1"]
[WhiteElo "2515"]
[BlackElo "2438"]

1.e4 c5 2.Nc3 Nc6 3.Bb5 Nd4 4.Nf3 Nxb5 5.Nxb5 d6 6.d4 Nf6 7.O-O a6 8.Nc3 cxd4
9.Qxd4 e5 10.Qd3 h6 11.a4 Be6 12.a5 Rc8 13.Ra4 Qd7 14.b3 Qc7 15.Bb2 Be7 16.Nd2 Nd7
17.Rc4 Bxc4 18.Nxc4 Nf6 19.Nb6 Rd8 20.Ra1 O-O 21.Ra4 Rfe8 22.Rc4 Qb8 23.Qg3 Nd7
24.Ncd5 Nxb6 25.axb6 Rc8 26.Rc7 Bd8 27.Rxc8 Qxc8 28.c4 Qc5 29.h4 Re6 30.Bc1 Qd4
31.Kh2 Qxe4 32.f4 Rg6 33.Qf2 Bxh4 34.Nc3 Bxf2 35.Nxe4 Bxb6 36.f5 Rg4 37.Nxd6 Rd4  0-1

[Event "Redbus KO"]
[Site "Southend ENG"]
[Date "2000.04.22"]
[Round "2.1"]
[White "Lalic,B"]
[Black "McShane,L"]
[Result "1-0"]
[WhiteElo "2548"]
[BlackElo "2438"]

1.d4 Nf6 2.c4 g6 3.Nc3 Bg7 4.e4 d6 5.Nf3 O-O 6.Be2 e5 7.O-O Nc6 8.d5 Ne7
9.Ne1 Ne8 10.Nd3 f5 11.Bd2 Nf6 12.f3 f4 13.c5 g5 14.cxd6 cxd6 15.Nf2 h5 16.h3 Rf7
17.Qc2 Ng6 18.Rfc1 a6 19.a4 Nh4 20.Qd1 g4 21.fxg4 hxg4 22.hxg4 Nh7 23.a5 Ng5
24.Bf1 b5 25.axb6 Qxb6 26.Na4 Qa7 27.Ba5 Rb7 28.Rc6 Rab8 29.Bb6 Rxb6 30.Nxb6 Bb7
31.Qb3 Ne6 32.Nd7 Ra8 33.Rcxa6 Bxa6 34.Rxa6 Qxd7 35.dxe6 Qc8 36.e7+ Kh7 37.Rxa8 Qxa8
38.Qf7  1-0

[Event "Redbus KO"]
[Site "Southend ENG"]
[Date "2000.04.22"]
[Round "2.2"]
[White "McShane,L"]
[Black "Lalic,B"]
[Result "1/2-1/2"]
[WhiteElo "2438"]
[BlackElo "2548"]

1.e4 e5 2.Nf3 Nf6 3.d4 Nxe4 4.Bd3 d5 5.Nxe5 Nd7 6.Nxd7 Bxd7 7.O-O Bd6 8.c4 c6
9.Bxe4 dxe4 10.Nc3 O-O 11.f4 exf3 12.Qxf3 Qh4 13.Bf4 Rae8 14.Ne4  1/2-1/2

[Event "10th It"]
[Site "Lippstadt GER"]
[Date "2000.07.07"]
[Round "2"]
[White "McShane,L"]
[Black "Dautov,R"]
[Result "0-1"]
[WhiteElo "2480"]
[BlackElo "2606"]

1.e4 c6 2.d4 d5 3.Nd2 dxe4 4.Nxe4 Bf5 5.Ng3 Bg6 6.h4 h6 7.Nf3 Nf6 8.h5 Bh7
9.Bd3 Bxd3 10.Qxd3 e6 11.Bd2 Be7 12.O-O-O O-O 13.Ne5 Nbd7 14.Qe2 c5 15.dxc5 Nxc5
16.Kb1 Qc7 17.Bf4 Qb6 18.Be3 Rfd8 19.Bd4 Qc7 20.c3 Ncd7 21.f4 Bc5 22.f5 Bxd4
23.cxd4 Re8 24.Rhe1 Rad8 25.fxe6 Rxe6 26.Rc1 Qa5 27.Rc3 Rde8 28.Re3 Nd5 29.Ra3 Qxa3  0-1

[Event "10th It"]
[Site "Lippstadt GER"]
[Date "2000.07.09"]
[Round "4"]
[White "McShane,L"]
[Black "Slobodjan,R"]
[Result "0-1"]
[WhiteElo "2480"]
[BlackElo "2539"]

1.e4 e5 2.Nf3 Nc6 3.Bb5 a6 4.Ba4 Nf6 5.O-O Be7 6.Re1 b5 7.Bb3 O-O 8.d4 d6
9.c3 Bg4 10.d5 Na5 11.Bc2 c6 12.h3 Bc8 13.dxc6 Qc7 14.Nbd2 Qxc6 15.Nf1 Be6
16.Ng5 Bd7 17.Ne3 h6 18.Nd5 Nxd5 19.exd5 Qc8 20.Nf3 Bf5 21.b3 Bxc2 22.Qxc2 Qb7
23.Ba3 Qd7 24.c4 Nb7 25.Rac1 Rfc8 26.Qe2 Bd8 27.Rc2 Na5 28.c5 dxc5 29.Qd1 f6
30.Bxc5 Nb7 31.b4 Be7 32.d6 Bxd6 33.Rd2 Rd8 34.Nh4 Qc7 35.Qb3+ Qf7 36.Bb6 Qxb3
37.axb3 Bxb4 38.Rxd8+ Rxd8 39.Ra1 Rd6 40.Rxa6 Kf7 41.Nf5 Rc6 42.Ne3 Ke6 43.Nc2 Bc5  0-1

[Event "10th It"]
[Site "Lippstadt GER"]
[Date "2000.07.10"]
[Round "5"]
[White "Schlosser,P"]
[Black "McShane,L"]
[Result "1-0"]
[WhiteElo "2523"]
[BlackElo "2480"]

1.Nf3 Nf6 2.d4 g6 3.g3 Bg7 4.Bg2 O-O 5.O-O d6 6.b3 Nc6 7.Bb2 e5 8.dxe5 Nd7
9.Nc3 dxe5 10.e4 Nd4 11.Nd5 c6 12.Ne3 Nc5 13.Ba3 Qe7 14.Nxd4 exd4 15.Nc4 b6
16.e5 Ba6 17.Qxd4 Rad8 18.Qc3 Bxc4 19.Qxc4 Qxe5 20.Rad1 Qh5 21.Rxd8 Rxd8
22.Bxc6 Rd4 23.Qb5 Rd2 24.b4 a6 25.Qxb6 Ne6 26.Bc1 Rxc2 27.Ba4 Rc8 28.Be3 Be5
29.Bb3 Rb8 30.Qxa6 Nc7 31.Qc4 Qf3 32.Bf4  1-0